| 000 | 00948nam a2200253Ia 4500 | ||
|---|---|---|---|
| 001 | 9922 | ||
| 003 | GE_BSU | ||
| 008 | 181216s||||||||xx |||||||||||||| ||und|| | ||
| 040 | _cGE_BSU | ||
| 080 | _a821.353.1–1 | ||
| 100 | _aბარათაშვილი,ნიკოლოზ | ||
| 245 | _aმერანი | ||
| 245 | _bლექსი | ||
| 245 | _cმხატვ.თ.სამსონაძე | ||
| 260 | _aთბილისი | ||
| 260 | _bგანათლება | ||
| 260 | _c1968 | ||
| 300 | _a24გვ.25სმ. | ||
| 520 | _aტექსტიქართ.,რუს.,უკრაინ.,ბელორ., უზბეკურ, ყაზახ., აზერბ.,ლიტვ.,მოლდ., ლატვ.,ყირგიზ.,ტაჟიკ.,სომხ.,თურქმ., ესტონ.ენებზე | ||
| 541 | _h3ლ. | ||
| 653 | _aლექსი | ||
| 653 | _aმერანი | ||
| 942 | _cBK | ||
| 999 |
_c43197 _d43197 |
||